4 Science Foursomes II Quiz Stats

 Plays Quiz not verified by Sporcle

Score 0/16 Timer 03:00
0 Plays Today
Hint Answer % Correct
Common Human
Blood Types
A
98.8%
Common Human
Blood Types
O
97.8%
Common Human
Blood Types
B
97.2%
Common Human
Blood Types
AB
91.1%
Fundamental Forces
in Physics
Gravitation
85.9%
Galilean Moons
of Jupiter
Io
66.2%
Fundamental Forces
in Physics
Weak Force
43.5%
Fundamental Forces
in Physics
Strong Force
43.4%
Hint Answer % Correct
Galilean Moons
of Jupiter
Ganymede
43%
Galilean Moons
of Jupiter
Europa
41.7%
Fundamental Forces
in Physics
Electromagnetism
41%
Elements Named for the
Same Swedish Village
Yttrium
31.9%
Elements Named for the
Same Swedish Village
Ytterbium
31%
Galilean Moons
of Jupiter
Callisto
28%
Elements Named for the
Same Swedish Village
Erbium
21.7%
Elements Named for the
Same Swedish Village
Terbium
20.4%

You're not logged in!

Compare scores with friends on all Sporcle quizzes.
OR
Log In

Show Comments

Extras

Top Quizzes Today


Score Distribution

Your Account Isn't Verified!

In order to create a playlist on Sporcle, you need to verify the email address you used during registration. Go to your Sporcle Settings to finish the process.

Report this User

Report this user for behavior that violates our Community Guidelines.

Details: